<?xml version="1.0" encoding="UTF-8"?>
<record
    xmlns:xsi="http://www.w3.org/2001/XMLSchema-instance"
    xsi:schemaLocation="http://www.loc.gov/MARC21/slim http://www.loc.gov/standards/marcxml/schema/MARC21slim.xsd"
    xmlns="http://www.loc.gov/MARC21/slim">

  <leader>00372nam a22001337a 4500</leader>
  <datafield tag="020" ind1=" " ind2=" ">
    <subfield code="a">9780342951802</subfield>
  </datafield>
  <datafield tag="082" ind1=" " ind2=" ">
    <subfield code="a">340 VIN</subfield>
  </datafield>
  <datafield tag="100" ind1=" " ind2=" ">
    <subfield code="a">Vinogradoff, Paul</subfield>
  </datafield>
  <datafield tag="245" ind1=" " ind2=" ">
    <subfield code="a">Common-sense in Law /</subfield>
    <subfield code="c">Paul Vinogradoff</subfield>
  </datafield>
  <datafield tag="260" ind1=" " ind2=" ">
    <subfield code="a">London :</subfield>
    <subfield code="b">Williams and Norgate,</subfield>
    <subfield code="c">N.A.</subfield>
  </datafield>
  <datafield tag="300" ind1=" " ind2=" ">
    <subfield code="a">256 p. ;</subfield>
    <subfield code="c">23 cm.</subfield>
  </datafield>
  <datafield tag="942" ind1=" " ind2=" ">
    <subfield code="2">ddc</subfield>
    <subfield code="c">BK</subfield>
  </datafield>
  <datafield tag="999" ind1=" " ind2=" ">
    <subfield code="c">586999</subfield>
    <subfield code="d">586999</subfield>
  </datafield>
  <datafield tag="952" ind1=" " ind2=" ">
    <subfield code="0">0</subfield>
    <subfield code="1">0</subfield>
    <subfield code="2">ddc</subfield>
    <subfield code="4">0</subfield>
    <subfield code="6">340_000000000000000_VIN</subfield>
    <subfield code="7">0</subfield>
    <subfield code="9">575202</subfield>
    <subfield code="a">NLS</subfield>
    <subfield code="b">NLS</subfield>
    <subfield code="c">LAW</subfield>
    <subfield code="d">2021-12-03</subfield>
    <subfield code="e">Pakistan Law House</subfield>
    <subfield code="l">4</subfield>
    <subfield code="o">340 VIN</subfield>
    <subfield code="p">CL-918</subfield>
    <subfield code="q">2025-03-11</subfield>
    <subfield code="r">2025-02-09</subfield>
    <subfield code="s">2025-02-09</subfield>
    <subfield code="w">2021-12-03</subfield>
    <subfield code="y">BK</subfield>
  </datafield>
</record>
